Preparation and characterization of chromatographic adsorbents for antibody purification

Salvato in:
Dettagli Bibliografici
Autore principale: Kotuličová, Simona (Autore)
Altri autori: Molnár, Tomáš (Relatore della tesi)
Natura: Manoscritto Libro
Lingua:slovacco
inglese
Pubblicazione: 2023
Soggetti:
Accesso online:http://is.stuba.sk/zp/portal_zp.pl?podrobnosti=169508
Tags: Aggiungi Tag
Nessun Tag, puoi essere il primo ad aggiungerne!!

MARC

LEADER 00000ntm a22000003a 4500
001 stuzp93851
003 SK-STU
005 20230909220252.0
007 ta
008 150427s2015----xo-----f-mn---000-0-slo-d
040 |a STU  |b slo 
041 0 |a eng 
100 1 |a Kotuličová, Simona  |u 046230  |k Z3  |4 aut  |U FCHPT Ústav chemického a environmentálneho inžinierstva  |T FCHPT Oddelenie chemického a biochemického inžinierstva  |X 97297  |U C6230  |Y 119  |7 97297 
242 0 1 |a Príprava a charakterizácia chromatografických adsorbentov na purifikáciu protilátok  |y slo 
245 1 0 |a Preparation and characterization of chromatographic adsorbents for antibody purification 
260 |c 2023 
650 4 |a multimodálne adsorbenty  |2 slo 
650 4 |a protilátky  |2 slo 
650 4 |a príprava adsorbentov  |2 slo 
650 4 |a statická a dynamická väzobná kapacita  |2 slo 
650 4 |a multimodálna chromatografia  |2 slo 
650 4 |a multimodal chromatography  |2 eng 
650 4 |a multimodal adsorbents  |2 eng 
650 4 |a antibody  |2 eng 
650 4 |a adsorbent preparation  |2 eng 
650 4 |a static and dynamic binding capacity  |2 eng 
700 1 |a Molnár, Tomáš  |u 046230  |k Z2  |4 ths  |U FCHPT Ústav chemického a environmentálneho inžinierstva  |T FCHPT Oddelenie chemického a biochemického inžinierstva  |X 40479  |U C6230  |Y 119  |7 A0000040479 
856 4 |u http://is.stuba.sk/zp/portal_zp.pl?podrobnosti=169508